书目信息 |
| 题名: |
传习录
|
|
| 作者: | 郭超 | |
| 分册: | 第五十卷 | |
| 出版信息: | 北京 蓝天出版社 1998 |
|
| 页数: | 143页 | |
| 开本: | 19cm | |
| 丛书名: | 传世名著百部 | |
| 单 册: | ||
| 中图分类: | B248.21 , Z227 | |
| 科图分类: | ||
| 主题词: | 心学--中国--明代 , 百科全书--中国 | |
| 电子资源: | ||
| ISBN: | 7-80081-834-9 | |
| 000 | 00673oam2 2200253 450 | |
| 001 | 1559741000 | |
| 005 | 20151110131414.38 | |
| 010 | @a7-80081-834-9@dCNY15.60 | |
| 100 | @a20021005d1998 emky0chiy0110 ea | |
| 101 | 0 | @achi |
| 102 | @aCN@b110000 | |
| 105 | @ay z 000zy | |
| 200 | 1 | @a传习录@Achuan xi lu@h第五十卷@f郭超@Fguo chao |
| 210 | @a北京@c蓝天出版社@d1998 | |
| 215 | @a143页@d19cm | |
| 225 | 2 | @a传世名著百部@v50@i学术名著 |
| 461 | 0 | @12001 @a传世名著百部 |
| 606 | 0 | @a心学@y中国@z明代 |
| 606 | 0 | @a百科全书@x中国 |
| 690 | @aB248.21@v5 | |
| 690 | @aZ227@v4 | |
| 701 | 0 | @a郭超@Aguo chao |
| 801 | 0 | @aCN@bTSSF@c20150117 |
| 905 | @aZUCC@dZ227@eJY6:50 | |
| 传习录.第五十卷/郭超.-北京:蓝天出版社,1998 |
| 143页;19cm.-(传世名著百部;50.学术名著) |
| ISBN 7-80081-834-9:CNY15.60 |
| ● |
| 相关链接 |
|
|
|
|
正题名:传习录
索取号:Z227/JY6:50
 
预约/预借
| 序号 | 登录号 | 条形码 | 馆藏地/架位号 | 状态 | 备注 |
| 1 | 7852913 | 278529139 | 学院路分馆/ [索取号:Z227/JY6:50] | 在馆 | |
| 2 | 7852914 | 278529148 | 学院路分馆/ [索取号:Z227/JY6:50] | 在馆 | |
| 3 | 7852915 | 278529157 | 学院路分馆/ [索取号:Z227/JY6:50] | 在馆 |